[Event "Purim!"]
[Site "SchemingMind.com"]
[Date "2008.03.20"]
[Round "-"]
[White "mmccaffe"]
[Black "capablanca"]
[Result "0-1"]
[WhiteCountry "USA"]
[BlackCountry "GER"]
[WhiteElo "1630"]
[WhiteRD "50"]
[BlackElo "1810"]
[BlackRD "65"]
[GameID "146882"]

1. e4 e5 2. Nf3 Nc6 3. Bb5 a6 4. Ba4 Nf6 5. O-O Be7 6. Re1 b5 7. Bb3 d6 8. c3 O-O 9. h3 Na5 10. Bc2 c5
11. d4 cxd4 12. cxd4 exd4 13. Nxd4 Bb7 14. Nc3 Nd7 15. Kh1 Nc4 16. Bd3 Nde5 17. Bxc4 bxc4 18. f4 Nd3 19. Re3 Nxf4
0-1

[Event "Purim!"]
[Site "SchemingMind.com"]
[Date "2008.03.20"]
[Round "-"]
[White "MazetaFighter"]
[Black "capablanca"]
[Result "1-0"]
[WhiteCountry "GRE"]
[BlackCountry "GER"]
[WhiteElo "2002"]
[WhiteRD "69"]
[BlackElo "1810"]
[BlackRD "65"]
[GameID "146883"]

1. e4 c5 2. f4 Nc6 3. Nf3 g6 4. Bb5 Bg7 5. Bxc6 bxc6 6. c4 d5 7. Qa4 Qd7 8. d3 Rb8 9. O-O Bxb2 10. Bxb2 Rxb2
11. Ne5 Qd6 12. Qxc6+ Qxc6 13. Nxc6 dxc4 14. dxc4 Bb7 15. Nxa7 Bxe4 16. Nc3 Bxg2 17. Rf2 Rxf2 18. Kxf2 Ba8 19. Rb1 Nf6 20. Rb8+ Kd7
21. Rxh8
1-0

[Event "Purim!"]
[Site "SchemingMind.com"]
[Date "2008.03.21"]
[Round "-"]
[White "mark74"]
[Black "capablanca"]
[Result "1-0"]
[WhiteCountry "USA"]
[BlackCountry "GER"]
[WhiteElo "1687"]
[WhiteRD "87"]
[BlackElo "1810"]
[BlackRD "65"]
[GameID "147029"]

1. e4 e5 2. Nf3 Nc6 3. d4 exd4 4. Bc4 Bb4+ 5. c3 dxc3 6. bxc3 Ba5 7. O-O d6 8. Qb3 Qe7 9. e5 dxe5 10. Ba3 Qf6
11. Nbd2 Nge7 12. Ne4 Qg6 13. Bxe7 Qxe4 14. Rfe1 Qf5 15. Ba3 Bb6 16. Re2 Na5 17. Bxf7+ Qxf7 18. Rxe5+
1-0

[Event "Purim!"]
[Site "SchemingMind.com"]
[Date "2008.03.22"]
[Round "-"]
[White "mark74"]
[Black "calidore"]
[Result "1/2-1/2"]
[WhiteCountry "USA"]
[BlackCountry "ISR"]
[WhiteElo "1687"]
[WhiteRD "87"]
[BlackElo "1983"]
[BlackRD "62"]
[GameID "147032"]

1. e4 Nf6 2. e5 Nd5 3. d4 d6 4. c4 Nb6 5. exd6 cxd6 6. Nc3 g6 7. Be3 Bg7 8. Rc1 O-O 9. b3 e5 10. dxe5 dxe5
11. Qxd8 Rxd8 12. c5 N6d7 13. Bc4 Nc6 14. Nf3 Nf6 15. O-O Bf5 16. a3 h6 17. b4 Ne4=
1/2-1/2

[Event "Purim!"]
[Site "SchemingMind.com"]
[Date "2008.03.21"]
[Round "-"]
[White "mark74"]
[Black "Archon"]
[Result "0-1"]
[WhiteCountry "USA"]
[BlackCountry "CAN"]
[WhiteElo "1687"]
[WhiteRD "87"]
[BlackElo "1776"]
[BlackRD "57"]
[GameID "147033"]

1. e4 d6 2. d4 Nf6 3. Nc3 g6 4. Nf3 Bg7 5. h3 O-O 6. Be3 a6 7. a4 Nc6 8. Qd2 e5 9. Bc4 Bd7 10. O-O a5
11. d5 Ne7 12. Bh6 Ne8 13. Bxg7 Kxg7 14. Rab1 f5 15. h4 Nf6 16. Ng5 Nxe4 17. Ncxe4 fxe4 18. Rbe1 Nf5 19. h5 e3 20. fxe3 Qxg5
21. Bd3 Qxh5 22. Bxf5 Rxf5 23. Qe2 Qxe2 24. Rxe2 Rxf1+ 25. Kxf1 Rf8+ 26. Kg1 Bxa4 27. b3 Bd7 28. g3 Bg4 29. Re1 Rf3 30. Kg2 h5
31. c4 b6 32. Kh2 Rf2+ 33. Kg1 Re2 34. Kf1 Rxe1+ 35. Kxe1 Bf3 36. Kd2 Be4 37. Kc1 Kf6 38. Kb2 Kg5
0-1

[Event "Purim!"]
[Site "SchemingMind.com"]
[Date "2008.03.24"]
[Round "-"]
[White "mark74"]
[Black "Clive Everill"]
[Result "1-0"]
[WhiteCountry "USA"]
[BlackCountry "CZE"]
[WhiteElo "1687"]
[WhiteRD "87"]
[BlackElo "1669"]
[BlackRD "47"]
[GameID "147034"]

1. e4 e5 2. Nf3 Nc6 3. d4 exd4 4. Bc4 Bb4+ 5. c3 dxc3 6. bxc3 Ba5 7. O-O d6 8. Qb3 Qe7 9. e5 Be6 10. Qxb7 Qd8
11. Qxc6+ Bd7 12. Qe4 Ne7 13. Bg5 h6 14. exd6 cxd6 15. Bxe7 f5 16. Bxd8+
1-0

[Event "Purim!"]
[Site "SchemingMind.com"]
[Date "2008.03.21"]
[Round "-"]
[White "mark74"]
[Black "roboam"]
[Result "1-0"]
[WhiteCountry "USA"]
[BlackCountry "ESP"]
[WhiteElo "1687"]
[WhiteRD "87"]
[BlackElo "1718"]
[BlackRD "74"]
[GameID "147035"]

1. e4 e5 2. Nf3 Nc6 3. d4 exd4 4. Bc4 d6 5. Nxd4 Nxd4 6. Qxd4 Nf6 7. O-O Be7 8. Nc3 O-O 9. Re1 c5 10. Qd3 a6
11. Bf4 b5 12. Bd5 Rb8 13. e5 dxe5 14. Bxe5 Bd6 15. Bxd6
1-0

[Event "Purim!"]
[Site "SchemingMind.com"]
[Date "2008.03.21"]
[Round "-"]
[White "mark74"]
[Black "mmccaffe"]
[Result "0-1"]
[WhiteCountry "USA"]
[BlackCountry "USA"]
[WhiteElo "1687"]
[WhiteRD "87"]
[BlackElo "1630"]
[BlackRD "50"]
[GameID "147036"]

1. e4 c5 2. Nf3 e6 3. d4 cxd4 4. Bc4 a6 5. Nxd4 b5 6. Bb3 Bc5 7. Be3 Qb6 8. c3 Nc6 9. O-O Nf6 10. Nd2 Bb7
11. N2f3 O-O 12. Bc2 d5 13. exd5 Nxd5 14. Ng5 h6 15. Bh7+ Kh8 16. Qd3 Nxd4 17. Bg8 Nf5 18. Bxc5 Qxc5 19. Bxf7 hxg5 20. Qh3+ Nh6
21. Bxe6 Nf4
0-1

[Event "Purim!"]
[Site "SchemingMind.com"]
[Date "2008.03.21"]
[Round "-"]
[White "mark74"]
[Black "MazetaFighter"]
[Result "0-1"]
[WhiteCountry "USA"]
[BlackCountry "GRE"]
[WhiteElo "1687"]
[WhiteRD "87"]
[BlackElo "2002"]
[BlackRD "69"]
[GameID "147037"]

1. e4 e5 2. Nf3 Nc6 3. d4 exd4 4. Bc4 Bc5 5. c3 Nf6 6. cxd4 Bb4+ 7. Bd2 Bxd2+ 8. Nbxd2 d5 9. exd5 Nxd5 10. Qb3 Nce7
11. O-O O-O 12. Rfe1 c6 13. Ne4 Nb6 14. Nc5 Nxc4 15. Qxc4 Qd5 16. Qd3 b6 17. Na6 Qd6 18. Ng5 Bf5 19. Ne4 Qg6 20. Qg3 Nd5
21. Qxg6 fxg6 22. Nd6 Bd3 23. Re7 Nxe7 24. Nc7 Rad8 25. Nb7 Rd7
0-1

[Event "Purim!"]
[Site "SchemingMind.com"]
[Date "2008.03.22"]
[Round "-"]
[White "capablanca"]
[Black "mark74"]
[Result "1/2-1/2"]
[WhiteCountry "GER"]
[BlackCountry "USA"]
[WhiteElo "1810"]
[WhiteRD "65"]
[BlackElo "1687"]
[BlackRD "87"]
[GameID "147038"]

1. e4 e6 2. d4 d5 3. exd5 exd5 4. Bd3 Bd6 5. Ne2 Ne7 6. c4 dxc4 7. Bxc4 Nbc6 8. O-O O-O 9. Nbc3 Bf5 10. Be3 a6
11. Ng3 Na5 12. Bd3 Bxd3 13. Qxd3 b5 14. Nf5 Nc4 15. Nxd6 Qxd6 16. Ne4 Ne5 17. Qc2 Qc6 18. Nc5 Nc4 19. b3 Nxe3 20. fxe3 Ng6
21. e4 Rad8 22. Rad1 Rfe8 23. Qf2 f6 24. Rc1=
1/2-1/2

[Event "Purim!"]
[Site "SchemingMind.com"]
[Date "2008.03.22"]
[Round "-"]
[White "agarr"]
[Black "mark74"]
[Result "1-0"]
[WhiteCountry "RUS"]
[BlackCountry "USA"]
[WhiteElo "1783"]
[WhiteRD "64"]
[BlackElo "1687"]
[BlackRD "87"]
[GameID "147039"]

1. e4 e6 2. d4 d5 3. e5 c5 4. dxc5 Bxc5 5. Bb5+ Nc6 6. Bxc6+ bxc6 7. Nf3 Ba6 8. Nc3 Ne7 9. Bg5 Qb6 10. Qd2 Bxf2+
11. Qxf2 Qxb2 12. Qc5 Qb7 13. Bxe7 Bb5 14. Nxb5 cxb5 15. Bd6 Rc8 16. Qf2 Qc6 17. O-O Qxc2 18. Qxc2 Rxc2 19. Rfc1 Rxc1+ 20. Rxc1
1-0

[Event "Purim!"]
[Site "SchemingMind.com"]
[Date "2008.03.22"]
[Round "-"]
[White "Miael_"]
[Black "mark74"]
[Result "0-1"]
[WhiteCountry "ARG"]
[BlackCountry "USA"]
[WhiteElo "1552"]
[WhiteRD "62"]
[BlackElo "1687"]
[BlackRD "87"]
[GameID "147040"]

1. e4 e6 2. d4 d5 3. exd5 exd5 4. Nc3 Bb4 5. Bd2 Nf6 6. a3 Bxc3 7. Bxc3 O-O 8. Nf3 Bg4 9. Be2 Re8 10. O-O Nc6
11. h3 Bh5 12. Re1 Ne4
0-1

[Event "Purim!"]
[Site "SchemingMind.com"]
[Date "2008.03.26"]
[Round "-"]
[White "calidore"]
[Black "mark74"]
[Result "1-0"]
[WhiteCountry "ISR"]
[BlackCountry "USA"]
[WhiteElo "1983"]
[WhiteRD "62"]
[BlackElo "1687"]
[BlackRD "87"]
[GameID "147041"]

1. e4 e6 2. d4 d5 3. e5 c5 4. c3 Nc6 5. Nf3 Qb6 6. Bd3 cxd4 7. cxd4 Bd7 8. O-O Nxd4 9. Nxd4 Qxd4 10. Nc3 a6
11. Re1 Ne7 12. Qf3 Nc6 13. Bf4 Nb4 14. Bf1 Be7 15. Red1 Qb6 16. Rac1 O-O 17. a3 Nc6 18. b4 Rac8 19. Bd3 f6 20. Nxd5 Qd8
21. Nxe7+ Nxe7 22. Qxb7 Rxc1 23. Rxc1 Bc8 24. Qe4 Nd5 25. Qxh7+ Kf7 26. Bg6+ Ke7 27. Qxg7+
1-0

[Event "Purim!"]
[Site "SchemingMind.com"]
[Date "2008.03.22"]
[Round "-"]
[White "Archon"]
[Black "mark74"]
[Result "1-0"]
[WhiteCountry "CAN"]
[BlackCountry "USA"]
[WhiteElo "1776"]
[WhiteRD "57"]
[BlackElo "1687"]
[BlackRD "87"]
[GameID "147042"]

1. Nf3 d5 2. c4 Nf6 3. g3 e6 4. Bg2 Be7 5. O-O O-O 6. b3 c5 7. e3 Nc6 8. Bb2 d4 9. exd4 cxd4 10. d3 Ne8
11. Nbd2 e5 12. Qe2 Qd6 13. Rfe1 f6 14. Ne4 Qc7 15. a3 a5 16. Rec1 Bf5 17. Nh4 Bxe4 18. Bxe4 g6 19. Nxg6 hxg6 20. Bxg6 Ng7
21. Qg4 f5 22. Qh3 Nh5 23. Qxh5 Bd6 24. Bxf5 Qf7 25. Qxf7+ Rxf7 26. Be4 Ne7 27. Rf1 Raf8 28. Rae1 Nf5 29. Bc1 Kg7 30. Bxf5 Rxf5
31. Re4 Kg6 32. Kg2 Kf6 33. h4 Rg8 34. Bg5+ Kg6 35. f4 Bxa3 36. fxe5 Rxf1 37. Kxf1 Bc5 38. e6 Re8 39. e7 Kf7 40. Kf2 Bxe7
41. Rxe7+ Rxe7 42. Bxe7 Kxe7 43. Kf3 b5 44. cxb5
1-0

[Event "Purim!"]
[Site "SchemingMind.com"]
[Date "2008.03.24"]
[Round "-"]
[White "Clive Everill"]
[Black "mark74"]
[Result "1/2-1/2"]
[WhiteCountry "CZE"]
[BlackCountry "USA"]
[WhiteElo "1669"]
[WhiteRD "47"]
[BlackElo "1687"]
[BlackRD "87"]
[GameID "147043"]

1. Nf3 Nf6 2. g3 d5 3. Bg2 e6 4. O-O c5 5. d4 Nc6 6. b3 Be7 7. Bb2 O-O 8. e3 b6 9. c4 Bb7 10. Nbd2 Rc8
11. Re1 Nd7 12. e4 dxe4 13. Nxe4 cxd4 14. Nxd4 Nxd4 15. Qxd4 e5 16. Qe3 f5 17. Nc3 Qc7 18. Bxb7 Qxb7 19. Nd5 f4 20. Qe4 Nc5
21. Qxe5 Bf6 22. Nxf6+ gxf6 23. Qd5+ Qxd5 24. cxd5 Nd3 25. Re2 Rfd8 26. Bxf6 Rxd5 27. gxf4 Nxf4 28. Re5 Rxe5 29. Bxe5 Nd3 30. Bg3 Kf7
31. Kf1 Rc2=
1/2-1/2

[Event "Purim!"]
[Site "SchemingMind.com"]
[Date "2008.03.22"]
[Round "-"]
[White "roboam"]
[Black "mark74"]
[Result "1-0"]
[WhiteCountry "ESP"]
[BlackCountry "USA"]
[WhiteElo "1718"]
[WhiteRD "74"]
[BlackElo "1687"]
[BlackRD "87"]
[GameID "147044"]

1. e4 e6 2. d4 d5 3. exd5 exd5 4. Nf3 Bd6 5. Nc3 c6 6. Be2 Ne7 7. O-O O-O 8. Be3 Nd7 9. a3 Nf6 10. Bd3 Qc7
11. Re1 Bg4 12. Bg5 Bxf3 13. Qxf3 Bxh2+ 14. Kf1 Qd6 15. Bxf6 gxf6 16. Rxe7 f5 17. Bxf5 Qxe7 18. Qh3 f6 19. Qxh2 Rae8 20. Qg3+ Kh8
21. f3 a5 22. Re1 Qxe1+ 23. Qxe1 Rxe1+ 24. Kxe1 Kg7 25. Kf2 Kh6 26. Na4 Kg5 27. Bxh7 f5 28. Nc5 Rh8 29. Bxf5 Kxf5 30. g4+ Kf4
31. Ne6#
1-0

[Event "Purim!"]
[Site "SchemingMind.com"]
[Date "2008.03.22"]
[Round "-"]
[White "mmccaffe"]
[Black "mark74"]
[Result "1-0"]
[WhiteCountry "USA"]
[BlackCountry "USA"]
[WhiteElo "1630"]
[WhiteRD "50"]
[BlackElo "1687"]
[BlackRD "87"]
[GameID "147045"]

1. e4 e6 2. d4 d5 3. Nc3 Nf6 4. Bg5 dxe4 5. Nxe4 Be7 6. Bd3 Nxe4 7. Bxe7 Qxe7 8. Bxe4 Bd7 9. Nf3 Bc6 10. Bxc6+ Nxc6
11. O-O O-O-O 12. c3 f6 13. Qc2 g5 14. Rfe1 e5 15. dxe5 fxe5 16. Rad1 h5 17. Rxd8+ Rxd8 18. h3 g4 19. Nd4 Nxd4 20. cxd4 Qd7
21. dxe5 gxh3 22. g3= Qd5 23. f4 Qf3 24. Qf2 Qxf2+ 25. Kxf2 Rd2+ 26. Kg1 Rxb2 27. e6 Kd8 28. e7+ Ke8 29. f5 Rg2+ 30. Kf1 Rxg3
31. Kf2 Rg7 32. f6 Rf7 33. Re6 c5 34. Rd6 Rxf6+ 35. Rxf6 Kxe7 36. Rh6 c4 37. Rxh5
1-0

[Event "Purim!"]
[Site "SchemingMind.com"]
[Date "2008.03.22"]
[Round "-"]
[White "MazetaFighter"]
[Black "mark74"]
[Result "1-0"]
[WhiteCountry "GRE"]
[BlackCountry "USA"]
[WhiteElo "2002"]
[WhiteRD "69"]
[BlackElo "1687"]
[BlackRD "87"]
[GameID "147046"]

1. e4 e6 2. d4 d5 3. Nc3 Nf6 4. Bg5 Be7 5. e5 Nfd7 6. Bxe7 Qxe7 7. f4 O-O 8. Nf3 c5 9. Qd2 Nc6 10. dxc5 f6
11. exf6 Nxf6 12. O-O-O Qxc5 13. Bd3 Rb8 14. Rhe1 b5 15. Ne2 Nb4 16. Kb1 a5 17. Ned4 h6 18. Nxe6 Bxe6 19. Rxe6 Ng4 20. Ne5 Nxe5
21. Rxe5 Nxd3 22. Qxd3 Rfd8 23. Rxd5 Rxd5 24. Qxd5+ Qxd5 25. Rxd5 Re8 26. Kc1 Re2 27. Rxb5 Rxg2 28. c4 a4 29. c5 Rxh2 30. c6 Rh1+
31. Kd2 Rh2+ 32. Kd3 Rh3+ 33. Ke4 Rh2 34. c7
1-0